Die japanische wirtschaftspolitik
Đã lưu trong:
| Príomhúdar: | |
|---|---|
| Formáid: | Leabhar |
| Teanga: | Undetermined |
| Foilsithe: |
Germany
Bundesstelle fur Aubenhandelsinformation
1972
|
| Ábhair: | |
| Clibeanna: |
Cuir Clib Leis
Gan Chlibeanna, Bí ar an gcéad duine leis an taifead seo a chlibeáil!
|
| Thư viện lưu trữ: | Trung tâm Học liệu Trường Đại học Cần Thơ |
|---|
| LEADER | 00473nam a2200169Ia 4500 | ||
|---|---|---|---|
| 001 | CTU_79660 | ||
| 008 | 210402s9999 xx 000 0 und d | ||
| 082 | |a 330 | ||
| 082 | |b Y.35 | ||
| 100 | |a Yasusada, Yawata | ||
| 245 | 0 | |a Die japanische wirtschaftspolitik | |
| 245 | 0 | |c Yasusada Yawata M.A. | |
| 260 | |a Germany | ||
| 260 | |b Bundesstelle fur Aubenhandelsinformation | ||
| 260 | |c 1972 | ||
| 650 | |a Economics | ||
| 980 | |a Trung tâm Học liệu Trường Đại học Cần Thơ | ||